The Camera / (رقم التسجيلة. 45606)
[ عرض عادي ]
| 000 -الفاتح | |
|---|---|
| عناصر البيانات ثابتة الطول | 00435cam a2200157 i 4500 |
| 005 - تاريخ ووقت آخر معاملة | |
| حقل ضبط | 20260308093547.0 |
| 008 - عناصر البيانات ثابتة الطول | |
| عناصر البيانات ثابتة الطول | 250721s1971 xno gr 000 0 eng d |
| 082 14 - رقم تصنيف ديوي العشري | |
| رقم التصنيف | 771.3 |
| رقم المادة | C A M |
| 110 2# - مدخل رئيسي – اسم هيئة | |
| اسم الهيئة أو اسم السلطة المختصة كعنصر مدخل | Time-Life Books. |
| علاقة الهيئة بالعمل/ دورالهئية | Editors. |
| 245 14 - بيان العنوان | |
| العنوان | The Camera / |
| بيان المسؤولية | Time-Life Books. |
| 264 31 - بيانات النشر، التوزيع…إلخ | |
| مكان النشر، التوزيع...إلخ | Nederland : |
| اسم الناشر، الموزع...إلخ | Time life International, |
| تاريخ النشر، التوزيع...إلخ | 1971. |
| 300 ## - الوصف المادي | |
| عدد الوحدات المكونة للوعاء | 228 Page. |
| 650 17 - مدخل إضافي بالموضوع - مصطلح موضوعي | |
| مصطلح موضوعي أو اسم جغرافي كعنصر مدخل | Photography. |
| 942 ## - بيانات إضافية (كوها) | |
| نوع التنصيف | Dewey Decimal Classification |
| نوع المادة (كوها) | كتب |
| حالة السحب | حالة الفقدان | مصدر التصنيف | حالة التلف | غير قابل للإعارة | المكتبة الرئيسية | المكتبة الحالية | موقع الرف | تاريخ التزويد | رقم المخزون | Total Checkouts | رقم الإستدعاء | الباركود | تاريخ آخر ظهور | تاريخ الفاتورة | نوع المادة (كوها) |
|---|---|---|---|---|---|---|---|---|---|---|---|---|---|---|---|
| Dewey Decimal Classification | المكتبة المركزية | المكتبة المركزية | الإعارة | 28/07/2025 | 1541428 | 771.3 / C A M | PLD00205090 | 28/07/2025 | 28/07/2025 | كتب |